000 00651cam a2200217 a 4500
001 000010009
005 20200929161812.0
008 750303s1967 sp ac b 000 0 spa
035 _a(DLC) 68051509
035 _a(OCoLC)1197968
040 _aDO-SdBNP
_cOCanW
_dOCoLC
_dPPiU
_dBNPHU
050 0 0 _aPQ6605.O56
_bA17 1967
082 _ann
_bC745o
100 1 _aConde, Carmen,
_d1907-1996.
_924953
245 1 0 _aObra poética :
_b1929-1966 /
_cCarmen Conde.
260 _aMadrid :
_bBiblioteca Nueva,
_c1967.
300 _a951 p. :
_bil., port. ;
_c22 cm.
504 _aBibliografía: p. 945-947.
910 _aCatalogación por copia / LC
049 _aBNGR
999 _c9768
_d9768